000 00651nam a2200217 i 4500
001 188162
003 ES-MaACL
005 20250627063705.0
008 180530s2016 ne |||| | spa d
020 _a978-94-91515-56-9
080 _a821.134.2(7/8)-14"19"
100 1 _aMéndez Alpízar, L. Santiago,
_d1970-
_9164833
245 1 0 _aPunto negro /
_cL. Santiago Méndez Alpízar.
260 _aLeiden, Nederland :
_bBokeh,
_c[2016]
300 _a76 p. ;
_c23 cm.
490 1 _aPoesía
830 0 _aPoesía
_9177794
852 _aES-MaACL
_jA-14193
_9195281
_bR.151525
_cDEPO1
_dOlim: N-7193
942 _2udc
999 _c188162
_d188162